=LDR 00000nam 2200000 4500 =001 INLIS000000000027603 =005 20130612125950 =008 ***********************************ind** =035 ##$$0010-061300000027603 =041 ##$$a ind =082 ##$$a 591.5 =090 ##$$a 591.5, Ind e =100 ##$$a Indriyanto =245 ##$$a Ekologi hutan, Indrayanto =260 ##$$a 2006 $b Jakarta =300 ##$$a xi, 210 hlm., ilus., 23 cm =650 ##$$a Ekologi hutan =850 ##$$a NBPNMAT =990 ##$$a 0001/BPAP-NTB/2016